Millipedes (Diplopoda) of the Brazilian pantanal (Registro nro. 13540)
[ vista simple ]
| 000 -CABECERA | |
|---|---|
| Campo de control | 005800000a22002050004500 |
| 090 ## - CLASIFICACIÓN LOCAL | |
| Colección | AR |
| Consecutivo | 04443 |
| 041 0# - IDIOMA | |
| Código de idioma para texto/pista de sonido o título separado | |
| 100 1# - ASIENTO PRINCIPAL--NOMBRE PERSONAL | |
| Nombre personal | Golovatch, S. I. |
| 245 10 - MENCION DE TITULO | |
| Título | Millipedes (Diplopoda) of the Brazilian pantanal |
| 700 1# - ASIENTO SECUNDARIO - NOMBRE PERSONAL | |
| Nombre personal | Hoffman, R. L. |
| 700 1# - ASIENTO SECUNDARIO - NOMBRE PERSONAL | |
| Nombre personal | Adis, J. |
| 700 1# - ASIENTO SECUNDARIO - NOMBRE PERSONAL | |
| Nombre personal | Marques, M. I. |
| 700 1# - ASIENTO SECUNDARIO - NOMBRE PERSONAL | |
| Nombre personal | Raizer, J. |
| 700 1# - ASIENTO SECUNDARIO - NOMBRE PERSONAL | |
| Nombre personal | Silva, F.H.O. |
| 700 1# - ASIENTO SECUNDARIO - NOMBRE PERSONAL | |
| Nombre personal | Ribeiro, R.A.K. |
| 700 1# - ASIENTO SECUNDARIO - NOMBRE PERSONAL | |
| Nombre personal | Silva, J. L. |
| 700 1# - ASIENTO SECUNDARIO - NOMBRE PERSONAL | |
| Nombre personal | Pinheiro, T. G. |
| 773 1# - Item fuente: | |
| Título | Amazoniana |
| Descripción física | 3-4 |
| Paginas del Articulo | 273-288 |
| Lugar, editorial y fecha de publicación | 2005 |
| Información sobre la relación | 18 |
| 942 ## - ELEMENTOS ADICIONALES (KOHA) | |
| Tipo de ítem | Artículo |
| Withdrawn status | Lost status | Damaged status | No para préstamo | Colección | Ubicación Permanente | Ubicación actual | Fecha de adquisición | Fuente de Valor | Datos de publicación Seriada | Total Checkouts | Número topográfico | Inventario / Código de Barras | Date last seen | Ejemplar | Price effective from | Forma de adquisición | Tipo de material |
|---|---|---|---|---|---|---|---|---|---|---|---|---|---|---|---|---|---|
| No para Préstamo | Hemeroteca | Bogotá | Bogotá | 25/09/2007 | Ospina, Mónica | Fuera de circulación | AR 04443 | 025278 | 25/03/2015 | 1 | 25/03/2015 | Artículo |